| 000 | 00431nam a2200169Ia 4500 | ||
|---|---|---|---|
| 005 | 20240921143633.0 | ||
| 008 | 240921s9999||||xx |||||||||||||| ||und|| | ||
| 041 | _aENGLISH | ||
| 082 | _A610.28 N6 | ||
| 100 | _aCromwell,Lelie [etal] | ||
| 245 | 0 | _aBiomedical Instrumentation and Measurements | |
| 250 | _a2nd | ||
| 260 |
_c1996 _bPrentice-Hall,New Delhi |
||
| 650 |
_aBiomedical _bMechanical |
||
| 942 | _cBB | ||
| 999 |
_c248074 _d248074 |
||